[Event "SUI-chT"]
[Site "Switzerland"]
[Date "1997.??.??"]
[Round "?"]
[White "Desancic, Miroslav"]
[Black "Meyer, Hartmut"]
[Result "1/2-1/2"]
[WhiteElo "2445"]
[BlackElo "2160"]
[PlyCount "86"]
[EventDate "1997.??.??"]
[EventType "team-tourn"]
[EventRounds "9"]
[EventCountry "SUI"]
[SourceTitle "EXT 1999"]
[Source "ChessBase"]
[SourceDate "1998.11.16"]
[SourceVersion "1"]
[SourceVersionDate "1998.11.16"]
[SourceQuality "1"]

1. d4 Nf6 2. g3 c5 3. c3 e6 4. Bg2 d5 5. Nf3 Nc6 6. 0-0 Bd6 7. Bg5 h6 8. Bxf6 Qxf6 9. dxc5 Bxc5 10. Nbd2 0-0 11. e4 Rd8 12. Qe2 b6 13. Nb3 dxe4 14. Qxe4 Bb7 15. Nxc5 bxc5 16. Qe3 Ne7 17. Qxc5 Bxf3 18. Bxf3 Qxf3 19. Qxe7 Rd2 20. Qa3 Rad8 21. Rae1 Rc2 22. Qxa7 Rxb2 23. Re3 Qf6 24. a4 g5 25. Kg2 g4 26. Kg1 h5 27. Re4 Qxc3 28. Rf4 Qg7 29. Qe7 Rbd2 30. h3 gxh3 31. Qh4 R8d4 32. Rxd4 Rxd4 33. Qxh5 Rxa4 34. Qxh3 Ra1 35. Qh4 Rxf1+ 36. Kxf1 Qg6 37. Qd4 Kh7 38. Kg2 Kg8 39. g4 Kh7 40. Kg3 Kg8 41. f4 Qb1 42. Qd8+ Kg7 43. Qg5+ Kf8 1/2-1/2